000
00266nam a22001217a 4500
040
_c
HS
082
_a
338
100
_a
NA
245
_a
Agricultural development strategies process and structure
260
_a
United nation
_b
NA
_c
2004
300
_a
491p;
942
_c
EK
999
_c
9664
_d
9664